| 000 | 00718nmc a2200265 a 4500 | ||
|---|---|---|---|
| 003 | AR-BaBNM | ||
| 005 | 20251128204936.0 | ||
| 008 | 011101s1982 ||||||||||||||000 | spa|| | ||
| 020 | _a950-13-6735-5 | ||
| 040 | _cAR-BaBNM | ||
| 100 | 1 | _aSoria de Fernández Durán, Elsa | |
| 245 | 1 | 0 |
_aDidáctica de la contabilidad _n1 |
| 250 | _a1ª ed. | ||
| 260 |
_aBuenos Aires _bKapelusz _c1982 |
||
| 300 |
_a84 p. _bgráfs. |
||
| 490 | 0 |
_aCuaderno pedagógico _vv. 49 |
|
| 650 | 4 | _aOBJETIVOS EDUCACIONALES | |
| 650 | 4 | _aLOGICA | |
| 650 | 4 | _aSEMANTICA | |
| 653 | _aENSENANZA DE LA CONTABILIDAD | ||
| 653 | _aPROCESO DE ENSENANZA-APRENDIZAJE | ||
| 653 | _aCONTENIDOS CURRICULARES | ||
| 942 | _cBK | ||
| 998 | _cCarmen | ||
| 999 |
_c9429 _d9429 |
||